000 00273nam a2200109Ia 4500
008 190216s9999||||xx |||||||||||||| ||und||
100 _aGhosh P.K
245 0 _aIntroduction To Cost Accounting
260 _bPrentice Hall Of India Pvt Ltd
_c1968
300 _a521p
942 _cBK
999 _c3892
_d3892